000 00260nam a22001217a 4500
003 SGT
082 _a658.3,HELL
100 _aHELLRIEGEL, SLOCUM
245 _aORGANIZATIONAL BEHAVIOR
250 _a10THE
260 _aNEW DELHI
_bTHOMSON
_c2004
942 _2ddc
_cCD
999 _c10862
_d10862